| 000 | 00324nam a2200097Ia 4500 | ||
|---|---|---|---|
| 082 | _a929.1072 GALF | ||
| 245 | 0 | _aThe genealogy handbook : the complete guide to tracing your family tree | |
| 100 |
_a GALFORD, Ellen Newlands, South Africa, [c.2001] _941396 |
||
| 942 | _cBK | ||
| 008 | 210817s9999 xx 000 0 und d | ||
| 999 |
_c142117 _d142116 |
||